00366nam a2200133Ia 450000500170000000800410001702000130005808200150007110000180008624500390010426000390014330000130018250000370019520250514025010.0240331s9999 xx 000 0 und d a13910620 a208.2bBAL aBalasuriya, T 0aMariyahumiyasaha manawa wimukthiya aNo, 63bWumukthi Publicationc1996 a181 p ., aTranslation of Mary & Liberation